Diseño de un manual de control de inventarios para Empresas Ganaderas en Sánchez Ramírez / Yulis María Cruz López, Clara Esmerlyn Almonte Hernández y Sonia Vásquez de los Santos ; asesor Jorge Custodio Heredia (Registro nro. 18630)
[ vista simple ]
| 000 -LEADER | |
|---|---|
| fixed length control field | 01030nam a22002291a 4500 |
| 001 - CONTROL NUMBER | |
| control field | 18630 |
| 003 - CONTROL NUMBER IDENTIFIER | |
| control field | OSt |
| 005 - DATE AND TIME OF LATEST TRANSACTION | |
| control field | 20260204212415.0 |
| 008 - FIXED-LENGTH DATA ELEMENTS--GENERAL INFORMATION | |
| fixed length control field | 040101s2018||||dr ||||||b||||||||||spa|| |
| 090 ## - LOCALLY ASSIGNED LC-TYPE CALL NUMBER (OCLC); LOCAL CALL NUMBER (RLIN) | |
| Classification number (OCLC) (R) ; Classification number, CALL (RLIN) (NR) | ADM 2018 C78 |
| 100 ## - ASIENTO PRINCIPAL -- NOMBRE PERSONAL | |
| Personal name | Cruz López,Yulis María |
| 245 ## - TÍTULO PROPIAMENTE DICHO: SUBTÍTULO | |
| Title | Diseño de un manual de control de inventarios para Empresas Ganaderas en Sánchez Ramírez / Yulis María Cruz López, Clara Esmerlyn Almonte Hernández y Sonia Vásquez de los Santos ; asesor Jorge Custodio Heredia |
| 300 ## - PHYSICAL DESCRIPTION | |
| Extensión | 66 hojas |
| 502 ## - THESIS NOTE | |
| Dissertation note | trabajo de grado (Licenciatura en Administración de Empresas)----Universidad Tecnológica del Cibao Oriental, 2018 |
| 504 ## - BIBLIOGRAPHY, ETC. NOTE | |
| Bibliography, etc. note | Incluye referencia bibliográfica e índice |
| 650 ## - ASIENTO SECUNDARIO DE MATERIA -- TERMINO TOPICO | |
| Asiento secundario de materia | Control de inventario |
| 700 1# - ASIENTO SECUNDARIO -- NOMBRE PERSONAL | |
| Personal name | Almonte Hernández, Clara Esmerlyn |
| Relator term | sustentante |
| 700 1# - ASIENTO SECUNDARIO -- NOMBRE PERSONAL | |
| Personal name | Vásquez de los Santos, Sonia |
| Relator term | sustentante |
| 700 1# - ASIENTO SECUNDARIO -- NOMBRE PERSONAL | |
| Personal name | Custodio Heredia, Jorge |
| Relator term | asesor |
| 830 ## - ASIENTO SECUNDARIO DE SERIE - TÍTULO UNIFORME | |
| Uniform title | Tesis y disertaciones académicas (Universidad Tecnológica del Cibao Oriental) |
| 942 ## - ADDED ENTRY ELEMENTS (KOHA) | |
| Source of classification or shelving scheme | Clasificación Local |
| Koha item type | Tesis |
| Withdrawn status | Lost status | Source of classification or shelving scheme | Damaged status | Not for loan | Collection code | Home library | Current library | Shelving location | Date acquired | Inventory number | Total Checkouts | Full call number | Barcode | Date last seen | Price effective from | Koha item type |
|---|---|---|---|---|---|---|---|---|---|---|---|---|---|---|---|---|
| Clasificación Local | Préstamo Interno | Trabajos de Grado e Investigación | Biblioteca UTECO | En Estantería | 09/09/2019 | AT-2018-007 | ADM 2018 C78 | AT-2018-007 | 09/09/2019 | 09/09/2019 | Tesis |
